6 Largest Cities in 6 European Countries - Statistics

General Stats
  • This quiz has been taken 39 times
  • The average score is 28 of 36
Answer Stats
Hint Answer % Correct
Germany Berlin
100%
Spain Madrid
100%
Russia Moscow
100%
Spain Barcelona
97%
Belgium Brussels
97%
Ireland Dublin
97%
Germany Munich
97%
Poland Warsaw
97%
Germany Hamburg
95%
Russia St. Petersburg
95%
Belgium Antwerp
92%
Ireland Cork
92%
Spain Valencia
92%
Poland Kraków
89%
Spain Seville
89%
Germany Cologne
84%
Germany Frankfurt
84%
Spain Bilbao
81%
Poland Gdańsk
81%
Germany Stuttgart
78%
Spain Málaga
76%
Poland Łódź
73%
Poland Wrocław
73%
Belgium Bruges
68%
Ireland Galway
68%
Belgium Ghent
68%
Belgium Liège
68%
Russia Novosibirsk
68%
Ireland Limerick
62%
Russia Nizhny Novgorod
62%
Poland Poznań
62%
Russia Yekaterinburg
62%
Belgium Charleroi
51%
Russia Kazan
49%
Ireland Waterford
41%
Ireland Drogheda
5%
No matching quizzes found
Score Distribution
Percent of People with Each Score
Percentile by Number Answered
Your Score History
You have not taken this quiz